Rímskokatolícka cirkev - farnosť Nanebovzatia Panny Márie, Dolná Strehová

Bibliographic Details
Main Author: Lukáč, Marián (Author)
Format: Book
Language:Slovak
PhysicalDescription:173 s. fotgr., erby 21 cm
Published: Dolná Strehová [Rímskokatolícky farský úrad] 2006
ISBN:8096958194 (brož.)
Edition:1. vyd.
Subjects:

MARC

LEADER 00000nam a2200000 a 4500
001 vtls008934781
003 SK-MaSNL
005 20260302042614.0
008 160610s2006 xo io g 000 0dslo
015 |a SNBA2007/02-00368 
020 |a 8096958194 (brož.) 
035 |a B966CBFC-F6DE-43D0-88C2-65CBB9E857F4 
035 |a urn:nbn:sk:snk-aml6ta 
035 |a urn:nbn:sk:snk-am008u9t 
040 |a SNK  |b slo  |c SNK  |e AACR2 
041 0 |a slo 
043 |a e-xo--- 
044 |a xo  |c SK 
072 7 |a 271/279  |x Kresťanské cirkvi, sekty, denominácie  |2 konspekt 
080 |a 272-774  |2 2001 
080 |a 726.54:272  |2 2001 
080 |a 27-7  |2 2001 
080 |a 27-4  |2 2001 
080 |a 27-662:3  |2 2001 
080 |a 2-6  |2 2001 
080 |a (437.6)  |2 2001 
080 |a (048.8)  |2 2001 
100 1 |a Lukáč, Marián  |4 aut  |4 bkd  |9 353191 
245 1 0 |a Rímskokatolícka cirkev - farnosť Nanebovzatia Panny Márie, Dolná Strehová  |c Marián Lukáč 
250 |a 1. vyd. 
260 |a Dolná Strehová  |b [Rímskokatolícky farský úrad]  |c 2006 
300 |a 173 s.  |b fotgr., erby  |c 21 cm 
504 |a Bibliogr. s. 170 
610 2 7 |a Rímskokatolícka cirkev.  |b Farnosť Nanebovzatia Panny Márie (Dolná Strehová, Slovensko)  |2 SNKKA  |9 695698 
648 7 |a 14.-21. stor.  |2 SNKPH  |9 313045 
650 0 7 |a katolícke farnosti  |2 SNKPH  |9 3771 
650 0 7 |a katolícke kostoly  |2 SNKPH  |9 3028 
650 0 7 |a cirkevná správa  |2 SNKPH  |9 73511 
650 0 7 |a cirkevný život  |2 SNKPH  |9 75120 
650 0 7 |a kresťanstvo a spoločnosť  |2 SNKPH  |9 4227 
650 0 7 |a náboženské pomery  |2 SNKPH  |9 3860 
651 7 |a Dolná Strehová (Slovensko)  |2 SNKPHgeo  |9 17501 
655 7 |a monografie  |2 SNKPH  |9 70139 
919 |a 80-969581-9-4 
958 |a NB 
958 |a OND 
968 |d 2 
999 |c 1083429  |d 1085359 
952 |a SNK  |b SNK  |y PREZ  |7 0  |p 17A0535742  |o snkSC 126218  |i snk2007/876  |8 0  |0 0  |1 0  |4 0  |d 2007-01-11  |f 1  |l 0  |r 2025-06-11 00:00:00  |w 2026-02-24 
952 |a SNK  |b SNK  |y VYP  |7 0  |p 17A0535734  |o snkSC 126218 D1  |i snk2007/877  |8 0  |0 0  |1 0  |4 0  |d 2007-01-11  |l 0  |r 2026-02-24 16:32:02  |w 2026-02-24